| 000 | 00493nam a2200181Ia 4500 | ||
|---|---|---|---|
| 003 | STCL | ||
| 008 | 181203s9999 xx 000 0 und d | ||
| 020 | _a9780000192189 | ||
| 040 |
_aSTCL _bEN _cSTCL |
||
| 082 | _222 | ||
| 100 | _aThunchathu Ezhuthachan | ||
| 245 | 0 | _aഅദ്ധ്യാത്മ രാമായണം | |
| 246 | _aAdhyatma Ramayanam | ||
| 260 |
_bSahithya Pravarthaka Co-operative Society _aKottayam _c2014 |
||
| 300 | _a711 | ||
| 546 | _aMalayalam | ||
| 942 |
_2ddc _cBK |
||
| 999 |
_c85643 _d85643 |
||